000 00623nam a22001697a 4500
003 OSt
005 20220107122757.0
008 150331b xxu||||| |||| 00| 0 eng d
040 _c
100 _aRevathy R (92312011)
_96347
245 _aMorphometric analysis and prioratization of micro-watersheds in gayathri sub-watershed
502 _bMSc. Geoinformatics
_c2012 - 2014
_dINT
_eRadhakrishnan T
_fNizamudeen A (Kerala State Land Use Board)
_g"Kerala State Land Use Board, Thiruvananthapuram"
650 _aMORPHOMETRIC ANALYSIS
_96348
650 _aREMOTE SENSING
_96349
650 _aPRIORATIZATION
_96350
942 _2ddc
_cPR
999 _c4576
_d4576